000 00852nam2a22002531 4500
001 RU\NLR\INFOCOMM55\5000157135
005 20250617120130.0
035 _a(NLR Aleph) 002587590
090 _a3331868
_c3331868
100 _a20041020d1976 |||y0rusy50 ca
101 0 _arus
_aeng
102 _aRU
105 _ay ||||000|y
200 1 _aПрограммное обеспечение диалога между оператором и АСУ УТИ
_fА.Х. Ангелов
210 _d1976
_aБ. м.
461 0 _1001RU\NLR\INFOCOMM15\1000176112
_12001#$aИздания$fОбъедин. ин-т ядерных исследований$v10-9967
700 1 _aАнгелов
_bА.Х.
_4070
801 1 _aRU
_bInfoComm
_c20041229
801 0 _aRU
_bNLR
_gPSBO
852 _aNLR
_jП11/2061
942 _cISSUE
980 _aNB
980 _aRUSPER